000 00916nam a2200301 i 4500
001 bg
003 BPK
005 20190725111846.0
008 s uk f |000 0 eng
020 _a0582749301 (pbk)
040 _cBPK
041 0 _aeng
080 _a811.111
080 _a913(410)
100 1 _aMusman, Richard.
245 1 0 _aBritain today /
_cRichard Musman and D'Arcy Adrian-Vallance.
250 _a[6th impr.].
260 _aHarlow, England :
_bLongman,
_c1996.
300 _aIV, 156 pp :
_bmaps, phot. (mainly colour) ;
_c24 cm.
500 _a1st publ. 1989.
650 4 _aJęzyk angielski
_xsłownictwo.
651 _aGreat Britain
_xsocial life and culture.
651 4 _aWielka Brytania
_xkultura.
655 _aProblems, excercises, etc.
655 4 _aĆwiczenia i zadania
700 1 _aAdrian-Vallance, D'Arcy.
942 _cKS
_2UKD
999 _c50145
_d50145